| 000 | 00386nam a2200145Ia 4500 | ||
|---|---|---|---|
| 008 | 230917s9999||||xx |||||||||||||| ||und|| | ||
| 040 |
_e49477 _aMAIN |
||
| 041 | _aEnglish | ||
| 082 | _a823.7 D555S:D | ||
| 100 | _aStewart, Garrett | ||
| 245 | 0 | _aDickens and the trails of imagination | |
| 260 |
_aCambridge _bHarvard University Press _c1974 |
||
| 300 | _axxiii, 260 p. | ||
| 942 | _cBK | ||
| 999 |
_c197335 _d197335 |
||